El mundo alucinante : una novela de aventuras /

Reinaldo Arenas, escritor nacido en 1943, irrumpió en el panorama de la literatura cubana con Celestino antes del alba (1965), obra que recibió la primera mención del concurso nacional de novela, ante un jurado encabezado por Alejo Carpentier (1904-1980). Sujeto de la represión por parte del régimen...

وصف كامل

محفوظ في:
التفاصيل البيبلوغرافية
المؤلف الرئيسي: Arenas, Reinaldo (autor)
التنسيق: كتاب
اللغة:الإسبانية
منشور في: México : Diógenes, 1973, c1973
الطبعة:2a edición
سلاسل:(Escritores de Lengua Española)
الموضوعات:
الوسوم: إضافة وسم
لا توجد وسوم, كن أول من يضع وسما على هذه التسجيلة!

MARC

LEADER 00000nam^a2200000^a^4500
001 000185783
005 20250521000000.0
009 20260310102202.14
037 |a Acervo ITESO - Biblioteca 
041 |a ESP 
082 |a 863.  |b ARE 
100 |a Arenas, Reinaldo  |e (autor) 
240 1 4 |a [El mundo alucinante] 
245 1 3 |a El mundo alucinante :  |b una novela de aventuras /  |c R. Arenas. 
246 2 |a Título en la cubierta: El mundo alucinante 
250 |a 2a edición 
264 4 |a México :  |b Diógenes,  |c 1973, c1973 
300 |a 222 p. 
336 |a texto  |b txt  |2 rdacontenido 
337 |a sin mediación  |b n  |2 rdamedio 
338 |a volumen  |b nc  |2 rdasoporte 
440 1 |a (Escritores de Lengua Española) 
520 |a Reinaldo Arenas, escritor nacido en 1943, irrumpió en el panorama de la literatura cubana con Celestino antes del alba (1965), obra que recibió la primera mención del concurso nacional de novela, ante un jurado encabezado por Alejo Carpentier (1904-1980). Sujeto de la represión por parte del régimen de Fidel Castro a causa de su condición de escritor crítico y de homosexual, Arenas creo una obra iracunda y desenfadada, en total oposición a los dictados oficiales y en condiciones precarias la mayor parte del tiempo. Encarcelado en la prisión de El Morro (1974-1976), logró abandonar Cuba en 1980 y emigró a Estados Unidos. Las novelas El palacio de las blanquísimas mofetas (1975); Otra vez el mar (1982); El color del verano (1990) y El asalto (1991) componen, junto con Celestino, la llamada pentagonía areniana, en la que alegoriza su propia historia. El mundo alucinante (1969), Arturo, la estrella más brillante (1984), La loma del ángel (1987) y El portero (1989) también pertenecen a su obra novelística. Con los ojos cerrados (1972), Termina el desfile (1981) y Adiós a mamá: de La Habana a Nueva York (1995) son muestra de sus cuentos. Es también autor de la obra de teatro Persecución (1986); de los volúmenes de poesía El central (1981), Voluntad de vivir manifestándose (1989) y Leprosorio (1991); de la compilación de variados textos titulada Necesidad de libertad (1986) y de las memorias Antes que anochezca (1992), llevadas al cine en 2000 por el pintor y realizador Julian Schnabel. Enfermo de sida, el escritor cubano se suicidó en 1990 en Nueva York. 
649 |a XX 
650 |a Religiosos Mexicanos 
650 |a Novela Cubana 
650 |a Novela Histórica 
650 |a Literatura Cubana -  |y Siglo XX 
650 |a Literatura e Historia 
650 |a México en la Literatura 
650 |a México -  |x Historia -  |y Virreinato, 1535-1821 
650 |a México -  |x Historia -  |y Guerra de Independencia, 1810-1821 
600 |a Mier, Servando Teresa de,  |c Fray 
910 |a Fondo General 
920 |a Impresos - Libros 
930 |a Colección General 
940 |a Literatura 
905 |a 101 
901 |a 0500126992  |b IT1  |c LIT  |u 20250521 
902 |a https://opac.biblio.iteso.mx/vufind/Record/000185783